| 000 | 00483nam a22001817a 4500 | ||
|---|---|---|---|
| 003 | OSt | ||
| 005 | 20140310182341.0 | ||
| 008 | 130312t xxu||||| |||| 00| 0 eng d | ||
| 020 | _a1854341669 | ||
| 050 |
_aE 99 _b.N624 1992 |
||
| 082 |
_aGS 305.89 _bNi52 1992 |
||
| 100 |
_aNicholson, Robert _915142 |
||
| 245 |
_aThe Sioux / _cRobert Nicholson |
||
| 260 |
_aNew York : _bChelsea Juniors, _c1992. |
||
| 300 |
_a31 p. : _c28 cm. _bcol. ill. ; |
||
| 942 |
_2lcc _cBK-GS |
||
| 999 |
_c12134 _d12134 |
||